000 00776cab a22002055a 4500
001 L144697
008 080805s2008 xxko f 000 0 eng d
035 _a(Sirsi) u144697
041 0 _aeng
100 1 _aRussell, Paul
245 0 2 _aA joined-up approach
260 _c2008
490 _aInsight
_vAugust 2008, 32-33(2)
520 _aStates that there is often confusion over the rights of occupants within joint tenancy agreements and looks at the status of houses in multiple occupation in relation to council tax liability.
650 2 4 _aHAYES V HUMBERSIDE VT AND KINGSTON UPON HULL CITY COUNCIL
650 2 4 _aPIERSON V HARINGEY LBC
651 4 _aUnited Kingdom
_y
690 _aPROPERTY-RESIDENTIAL PROPERTY-RESIDENTIAL PROPERTY TAXATION-COUNCIL TAX
942 _n0
999 _c80555
_d80555